[Event "North American op 32nd"]
[Site "Las Vegas"]
[Date "2022.12.27"]
[Round "3"]
[White "Liu, Eric"]
[Black "Ho, Kevin"]
[Result "1-0"]
[WhiteElo "2172"]
[BlackElo "1921"]
[PlyCount "95"]
[EventDate "2022.12.26"]
[EventType "swiss"]
[EventRounds "9"]
[EventCountry "USA"]
[SourceTitle "CBM 211 Extra"]
[Source "ChessBase"]
[SourceDate "2023.01.31"]
[SourceVersion "1"]
[SourceVersionDate "2023.01.31"]
[SourceQuality "1"]

1. e4 c5 2. Nf3 d6 3. d4 cxd4 4. Nxd4 Nf6 5. Nc3 g6 6. Bc4 Bg7 7. Bb3 0-0 8. f3 Nc6 9. Be3 Qa5 10. Qd2 Nxd4 11. Bxd4 Be6 12. 0-0-0 b5 13. Kb1 b4 14. Nd5 Bxd5 15. exd5 Qb5 16. Qd3 Qxd3 17. cxd3 Nd7 18. Bxg7 Kxg7 19. Rhe1 Kf6 20. Re4 a5 21. Rf4+ Kg7 22. Re1 Nc5 23. Bc4 Rfe8 24. Bb5 e5 25. Bxe8 exf4 26. Bc6 Ra7 27. d4 Na6 28. Re8 Kf6 29. Kc2 Re7 30. Rxe7 Kxe7 31. Kb3 g5 32. Ka4 h5 33. Kxa5 h4 34. Kxa6 h3 35. gxh3 f5 36. Bb5 g4 37. fxg4 fxg4 38. hxg4 f3 39. h4 f2 40. Bf1 Kf6 41. Kb5 b3 42. a4 Kg6 43. a5 Kf6 44. a6 Kg6 45. a7 Kf6 46. a8Q Kg6 47. Qf8 Kh7 48. Bd3# 1-0